000 00950cam a2200217 4500
008 000000n2000 000 0 eng u
035 _a(Sirsi) u108152
245 _aMergers empty City's offices
260 _c2000
490 _aIndependent on Sunday
_v3 September 2000, B2(1)
520 _aNew research by DTZ Debenham Tie Leung reveals that commercial property in the City of London is facing a downturn as companies cut back on office holdings following recent mergers. There are concerns that the capital's property market may have reached its cyclical peak and that these developments will accelerate the process.
590 _aWB
650 _aPROPERTY-COMMERCIAL PROPERTY-OFFICE PROPERTY-OFFICE PROPERTY MARKET
650 _aMERGERS
650 _aOFFICE SPACE
650 _aCITY OF LONDON
650 _aDTZ DEBENHAM TIE LEUNG
650 _aAPR
690 _aPROPERTY-COMMERCIAL PROPERTY-COMMERCIAL PROPERTY MARKET
942 _n0
999 _c64594
_d64594